000 00696nam a2200229Ia 4500
999 _c35993
_d35993
001 1892
003 GE_BSU
005 20221011113850.0
008 181216s2006ru xx |||||||||||||| ||rus||
020 _a5902404592
040 _cGE_BSU
041 _arus
080 _a347.73(075.8) Т-29
100 _aТедеев, А А.
_915229
245 _aБанковское право. :
_bУчебное пособие /
_cА А. Тедеев
264 _aМосква :
_bЭлит,
_c2006.
300 _a254 с.:
_b 19 см.
653 _aБанковское право
653 _aსაბანკო სამართალი
653 _aსამართალი
942 _cBK
_2udc